<?xml version="1.0" encoding="UTF-8"?>
<collection xmlns:xsi="http://www.w3.org/2001/XMLSchema-instance" xsi:schemaLocation="http://www.loc.gov/MARC21/slim http://www.loc.gov/standards/marcxml/schema/MARC21slim.xsd" xmlns="http://www.loc.gov/MARC21/slim">
 <record>
  <leader>00000ctm a22000003a 4500</leader>
  <controlfield tag="001">UP-1685523046126300629</controlfield>
  <controlfield tag="003">Buklod</controlfield>
  <controlfield tag="005">20150514152130.0</controlfield>
  <controlfield tag="006">m    |o  d |      </controlfield>
  <controlfield tag="007">cr |||||||||||</controlfield>
  <controlfield tag="008">150514s        xx     d     r    |||| u|</controlfield>
  <datafield tag="035" ind1=" " ind2=" ">
   <subfield code="a">(iLib)UPMNL-00013310040</subfield>
  </datafield>
  <datafield tag="040" ind1=" " ind2=" ">
   <subfield code="a">UPDent</subfield>
  </datafield>
  <datafield tag="041" ind1=" " ind2=" ">
   <subfield code="a">eng</subfield>
  </datafield>
  <datafield tag="090" ind1=" " ind2=" ">
   <subfield code="a">LG 993.5 2013 D4 A45</subfield>
  </datafield>
  <datafield tag="100" ind1="1" ind2=" ">
   <subfield code="a">Albesa, Jean Mitchelle P.</subfield>
  </datafield>
  <datafield tag="245" ind1="1" ind2="4">
   <subfield code="a">The effect of toothpaste containing bacteriocin extract in the growth of streptococcus mutans in vitro</subfield>
   <subfield code="c">Jean Mitchelle P. Albesa, Einnor Assiren B. Breva; faculty co-author, Heherson T. Tumang.</subfield>
  </datafield>
  <datafield tag="300" ind1=" " ind2=" ">
   <subfield code="a">47 leaves.</subfield>
  </datafield>
  <datafield tag="502" ind1=" " ind2=" ">
   <subfield code="a">Thesis (Doctor of Dental Medicine)--University of the Philippines Manila.</subfield>
  </datafield>
  <datafield tag="520" ind1="3" ind2=" ">
   <subfield code="a">Introduction. Over the years, developments in research have geared up towards finding more preventive and less aggressive approaches against dental caries. Treatments are recently directed towards etiological agents, particularly, Streptococcus mutans. Bacteriocins have been known to inhibit bacterial growth in conditions where competition against susceptible bacteria of the same or closely-related species exists.The purpose of this study is to determine the effect of toothpaste containing bacteriocin extract on the growth of Streptococcus mutansin vitro. This study aims to show if toothpaste can deliver that effect of bacteriocin on the growth of Streptococcus mutans in vitro at a given time of exposure. If proven effective, this toothpaste could be recommended as an alternative to reduce the prevalence of dental caries.</subfield>
  </datafield>
  <datafield tag="520" ind1="3" ind2=" ">
   <subfield code="a">Methods. A quantitative experimental study using a randomized complete block design (RCBD) and one-way Analysis of Variance (ANOVA) was done. Probiotic toothpaste containing bacteriocin extract as its active ingredient, and a negative control, regular non-fluoridated toothpaste, were used.</subfield>
  </datafield>
  <datafield tag="520" ind1="3" ind2=" ">
   <subfield code="a">Streptococcus mutans was inoculated into a trypticase-yeast-cysteine (TYC) agar plate, incubated, and allowed to grow for 48 hours. An isolated culture was mixed into Brain Heart Infusion (BHI) broth and was incrementally added until it reached the turbidity that matched with 0.5 McFarlane's solution. Using sterile cotton swabs, TYC plates that were divided into 4 quadrants were inoculated. Six-mm filter paper disks were used to diffuse the toothpastes: 3 disks impregnated with the probiotic toothpaste with bacteriocin extract into 3 corresponding quadrants; 1 disk with regular non-fluoridated toothpaste into 1 quadrant. This set-up was done in triplicates. All plates were placed in a closed container with a lit candle inside in order to obtain an oxygen-free environment. This container was placed in an incubator set at a temperature of 37°C. After 12, 24 and 48 hours periods, the clear zones or the zones of inhibition were measured from the underside of the plate using a clear ruler.</subfield>
  </datafield>
  <datafield tag="520" ind1="3" ind2=" ">
   <subfield code="a">Results: For the probiotic toothpaste, an average of 10.8 mm, 11.6 mm and 11.9 mm clear zones were observed after 12, 24 and 48 hours, respectively. A zero-mm clear zone was observed for all the controls in all three set-ups.</subfield>
  </datafield>
  <datafield tag="520" ind1="3" ind2=" ">
   <subfield code="a">Conclusion: Toothpaste containing bacteriocin inhibits the growth of Streptococcus mutans. There is no significant difference on the effect, however, between the lengths of time of exposure of each sample.</subfield>
  </datafield>
  <datafield tag="650" ind1=" " ind2="0">
   <subfield code="a">Toothpaste.</subfield>
  </datafield>
  <datafield tag="650" ind1=" " ind2="0">
   <subfield code="a">Bacteriocins.</subfield>
  </datafield>
  <datafield tag="700" ind1="1" ind2="2">
   <subfield code="a">Breva, Einnor Assiren B.</subfield>
  </datafield>
  <datafield tag="700" ind1="1" ind2="2">
   <subfield code="a">Tumang, Heherson M.</subfield>
  </datafield>
  <datafield tag="852" ind1="0" ind2=" ">
   <subfield code="a">UPMNL</subfield>
   <subfield code="b">DENT</subfield>
   <subfield code="h">LG 993.5 2013 D4 A45</subfield>
  </datafield>
  <datafield tag="942" ind1=" " ind2=" ">
   <subfield code="a">Thesis</subfield>
  </datafield>
 </record>
</collection>
